Islam Per 40 Itarazaat kay Aqali w Naqli Jawab / (Record no. 523710)
[ view plain ]
| 000 -LEADER | |
|---|---|
| fixed length control field | 00546nam a22001697a 4500 |
| 003 - CONTROL NUMBER IDENTIFIER | |
| control field | NUST |
| 038 ## - RECORD CONTENT LICENSOR | |
| Staff Name | waseem |
| 082 ## - DEWEY DECIMAL CLASSIFICATION NUMBER | |
| Classification number | 297 |
| Author Mark | NAI |
| 100 ## - MAIN ENTRY--PERSONAL NAME | |
| Personal name | Naik, Zakir Abdul Karim |
| 9 (RLIN) | 14482 |
| 245 ## - TITLE STATEMENT | |
| Title | Islam Per 40 Itarazaat kay Aqali w Naqli Jawab / |
| Statement of responsibility, etc. | Zakir Abdul Karim Naik |
| 260 ## - PUBLICATION, DISTRIBUTION, ETC. | |
| Place of publication, distribution, etc. | Islamabad : |
| Name of publisher, distributor, etc. | Durussalam, |
| Date of publication, distribution, etc. | N.D. |
| 300 ## - PHYSICAL DESCRIPTION | |
| Extent | 231 p. ; |
| 500 ## - GENERAL NOTE | |
| General note | Hardcover. |
| 880 ## - ALTERNATE GRAPHIC REPRESENTATION | |
| Linkage | 100-02\r |
| Title | ذاکر عبدالکریم ناہیک |
| 880 ## - ALTERNATE GRAPHIC REPRESENTATION | |
| Linkage | 245-02\r |
| Title | اسلام پر 40 اعتراضات کے عقلی و نقلی جواب / |
| 942 ## - ADDED ENTRY ELEMENTS (KOHA) | |
| Source of classification or shelving scheme | |
| Koha item type | Book |
| Withdrawn status | Lost status | Source of classification or shelving scheme | Damaged status | Not for loan | Permanent Location | Current Location | Date acquired | Total Checkouts | Total Renewals | Full call number | Barcode | Date last seen | Date last checked out | Price effective from | Koha item type |
|---|---|---|---|---|---|---|---|---|---|---|---|---|---|---|---|
| Central Library (CL) | Central Library (CL) | 05/22/2019 | 2 | 4 | 297 NAI | CL-E-2215 | 09/12/2023 | 06/06/2023 | 05/22/2019 | Book |
